Big Bang Members(Kpop) - Statistics

General Stats
  • This quiz has been taken 92 times
  • The average score is 5 of 5
Answer Stats
Answer % Correct
G-Dragon
100%
T.O.P
100%
Daesung
96%
Taeyang
92%
Seungri
89%
No matching quizzes found
Score Distribution
Percent of People with Each Score
Percentile by Number Answered
Your Score History
You have not taken this quiz